Stavebné sporenie v období finančnej krízy

Enregistré dans:
Détails bibliographiques
Auteur principal: Pavelka, Ľuboš, 1962-
Format: Chapitre de livre
Langue:slovaque
Sujets:
Tags: Ajouter un tag
Pas de tags, Soyez le premier à ajouter un tag!

MARC

LEADER 00000naa$a2200000$$$4500
001 0104641
005 20240502072140.0
041 0 |a slo 
044 |a SK 
245 1 0 |a Stavebné sporenie v období finančnej krízy  |c Ľuboš Pavelka 
610 2 0 |a sporenie stavebné 
610 2 0 |a sporiteľne stavebné 
610 2 0 |a klienti 
610 2 0 |a prémie 
610 2 0 |a financie 
610 2 0 |a kríza finančná 
100 1 |a Pavelka, Ľuboš, 1962-